000 00692nam a22002057a 4500
999 _c10631
_d10631
003 AR-CdUCM
008 190401b ||||| |||| 00| 0 spa d
040 _aMUNICIPALIDAD PROVINCIAL DEL CUSCO
_cBIBLIOTECA MUNICIPAL DEL CUSCO
082 _aEP / 372.460 /
_bM61
110 _aMinisterio de educación
_97870
245 _aPalomita :
_bTexto escolar básico /
260 _aPerú :
_bMinisterio de educación,
_c1990.
300 _a128 páginas ;
_bIlustraciones,
_c23 cm.
505 _aContenido: Libro de lecturas.
650 _aLibro de lecturas
_927519
650 _aLiteratura escolar
_926679
650 _aLibro de actividades escolares
_927599
942 _2ddc
_cLIBROS
945 _adavv